[Event "Dortmund-ch"]
[Site "Dortmund"]
[Date "2004.03.09"]
[Round "5"]
[White "Kartsev, Alexandr"]
[Black "Rutmann, Ulrich"]
[Result "1-0"]
[WhiteElo "1341"]
[BlackElo "1296"]
[PlyCount "115"]
[EventDate "2004.03.01"]
[EventType "swiss"]
[EventRounds "9"]
[EventCountry "GER"]
[SourceTitle "EXT 2006"]
[Source "ChessBase"]
[SourceDate "2005.11.24"]
[SourceVersion "1"]
[SourceVersionDate "2005.11.24"]
[SourceQuality "1"]

1. d4 d5 2. Nf3 e6 3. c4 Be7 4. Nc3 Nf6 5. Bf4 0-0 6. e3 h6 7. Be2 Nc6 8. 0-0 a6 9. cxd5 exd5 10. a3 Bd6 11. Be5 Be6 12. Qb3 Na5 13. Qc2 Nc4 14. Bxc4 dxc4 15. Ne4 Ng4 16. Nxd6 cxd6 17. Bg3 Qd7 18. h3 Nf6 19. e4 Qc8 20. d5 Bd7 21. Bxd6 Re8 22. Nd2 b5 23. Rfe1 Qd8 24. Bg3 Qb6 25. Kh1 Nh5 26. Nf1 Qf6 27. Bh2 Qg6 28. Qe2 Re7 29. d6 Re6 30. e5 Bc6 31. Qg4 Rae8 32. Qxg6 Rxg6 33. f3 Ree6 34. Rad1 Re8 35. Nd2 Ng3+ 36. Bxg3 Rxg3 37. Ne4 Rg6 38. d7 Rd8 39. Nc5 a5 40. e6 fxe6 41. Nxe6 Rxd7 42. Nc5 Rf7 43. Ne6 Rff6 44. Rd8+ Kh7 45. Nf8+ Rxf8 46. Rxf8 Rd6 47. Re2 Rd3 48. Rf7 Bd5 49. Rd7 b4 50. axb4 axb4 51. Ree7 c3 52. bxc3 bxc3 53. Re2 Kg6 54. Rc2 Kf5 55. Rc7 Bb3 56. R2xc3 Rd1+ 57. Kh2 Bg8 58. Rxg7 1-0

[Event "Dortmund-ch"]
[Site "Dortmund"]
[Date "2004.03.05"]
[Round "3"]
[White "Gerlach, Andre"]
[Black "Rutmann, Ulrich"]
[Result "1-0"]
[WhiteElo "1410"]
[BlackElo "1296"]
[PlyCount "61"]
[EventDate "2004.03.01"]
[EventType "swiss"]
[EventRounds "9"]
[EventCountry "GER"]
[SourceTitle "EXT 2006"]
[Source "ChessBase"]
[SourceDate "2005.11.24"]
[SourceVersion "1"]
[SourceVersionDate "2005.11.24"]
[SourceQuality "1"]

1. e4 d6 2. d4 Nf6 3. Nc3 g6 4. f4 e6 5. Nf3 Bg7 6. Bd3 Nc6 7. Ne2 b6 8. c3 Bb7 9. Qc2 Qd7 10. h3 0-0-0 11. Be3 Kb8 12. Nc1 Qe7 13. Qe2 Nh5 14. Kf2 f5 15. e5 Bh6 16. g3 Bf8 17. Ba6 dxe5 18. dxe5 h6 19. Bxb7 Kxb7 20. a4 Rg8 21. a5 Nxa5 22. b4 Nc6 23. Qa6+ Kb8 24. b5 Na5 25. Rxa5 c5 26. bxc6 bxa5 27. Na2 Ka8 28. Bb6 Bg7 29. c7 Qxc7 30. Bxc7 Rd7 31. Qc6# 1-0

[Event "Dortmund-ch"]
[Site "Dortmund"]
[Date "2004.03.01"]
[Round "1"]
[White "Gielisch, Eckhart"]
[Black "Rutmann, Ulrich"]
[Result "1-0"]
[WhiteElo "1851"]
[BlackElo "1296"]
[PlyCount "107"]
[EventDate "2004.03.01"]
[EventType "swiss"]
[EventRounds "9"]
[EventCountry "GER"]
[SourceTitle "EXT 2006"]
[Source "ChessBase"]
[SourceDate "2005.11.24"]
[SourceVersion "1"]
[SourceVersionDate "2005.11.24"]
[SourceQuality "1"]

1. d4 d5 2. c4 c6 3. Nf3 e6 4. Nc3 Be7 5. e4 Bb4 6. e5 Bxc3+ 7. bxc3 b6 8. Bd3 dxc4 9. Bxc4 Ba6 10. Bxa6 Nxa6 11. 0-0 Nc7 12. Ng5 h6 13. Ne4 Nb5 14. a4 Qd5 15. Qf3 f5 16. exf6 Nxf6 17. Nxf6+ gxf6 18. Qxd5 exd5 19. axb5 cxb5 20. Ra6 Kd7 21. Bf4 Kc6 22. Re1 Kb7 23. Ra2 a5 24. Re7+ Ka6 25. Bd6 Rac8 26. Re3 Rc6 27. Be7 Rhc8 28. Ra3 Rc4 29. Kf1 R4c6 30. Ke2 Kb7 31. Kd2 b4 32. cxb4 Rc2+ 33. Ke1 Rb2 34. Rac3 Rb1+ 35. Ke2 Rb2+ 36. Kf3 Rxc3 37. Rxc3 axb4 38. Re3 b3 39. Ba3 Rb1 40. Re2 Ka6 41. Rb2 Rxb2 42. Bxb2 Kb5 43. g4 Kc4 44. Ke3 Kb5 45. f4 Kc6 46. h4 Kd6 47. g5 fxg5 48. fxg5 hxg5 49. hxg5 Ke6 50. Kf4 Kf7 51. Kf5 Kg7 52. g6 b5 53. Kg5 b4 54. Ba1 1-0

[Event "Dortmund1"]
[Site "Dortmund"]
[Date "2003.05.10"]
[Round "9"]
[White "Rutmann, Ulrich"]
[Black "Krueger, Sven"]
[Result "1-0"]
[WhiteElo "1259"]
[BlackElo "1188"]
[PlyCount "89"]
[EventDate "2003.03.26"]
[EventType "tourn"]
[EventRounds "13"]
[EventCountry "GER"]
[SourceTitle "EXT 2007"]
[Source "ChessBase"]
[SourceDate "2006.11.23"]
[SourceVersion "1"]
[SourceVersionDate "2006.11.23"]
[SourceQuality "1"]

1. e4 d6 2. d4 g6 3. Nf3 Nf6 4. Nbd2 Bg4 5. Be2 Bxf3 6. Bxf3 c6 7. 0-0 Bg7 8. c3 0-0 9. Qb3 Qc7 10. e5 dxe5 11. dxe5 Ne8 12. e6 Na6 13. Ne4 Nd6 14. Bf4 c5 15. exf7+ Kh8 16. Nxd6 exd6 17. Bd5 Qd7 18. Rfe1 c4 19. Qxc4 Rac8 20. Qe4 Nc5 21. Qe7 Qf5 22. Qxd6 Nd3 23. Be4 Qxf4 24. Qxf4 Nxf4 25. Bxb7 Rb8 26. Re7 Nd3 27. b3 Bxc3 28. Rd1 Bb4 29. Rc7 Nc5 30. Bf3 a6 31. h4 Ne6 32. Ra7 a5 33. g4 Nd8 34. Rdd7 Kg7 35. Bd5 Be1 36. Re7 Bb4 37. Re8 Rc8 38. Bc4 Rc6 39. h5 Rc8 40. hxg6 hxg6 41. Kg2 Nc6 42. Rb7 Rb8 43. Rbxb8 Nxb8 44. Rxf8 Kxf8 45. Kf3 1-0

[Event "Dortmund1"]
[Site "Dortmund"]
[Date "2003.05.07"]
[Round "8"]
[White "Banken, Gerd"]
[Black "Rutmann, Ulrich"]
[Result "0-1"]
[WhiteElo "1239"]
[BlackElo "1259"]
[PlyCount "50"]
[EventDate "2003.03.26"]
[EventType "tourn"]
[EventRounds "13"]
[EventCountry "GER"]
[SourceTitle "EXT 2007"]
[Source "ChessBase"]
[SourceDate "2006.11.23"]
[SourceVersion "1"]
[SourceVersionDate "2006.11.23"]
[SourceQuality "1"]

1. e4 d6 2. Nf3 g6 3. Bc4 Bg7 4. c3 Nf6 5. d3 0-0 6. Nbd2 Nc6 7. b4 a6 8. a4 d5 9. Bb3 dxe4 10. Ng5 Qxd3 11. Qc2 Qxc2 12. Bxc2 Nd5 13. Ngxe4 Ndxb4 14. Bb1 Nd5 15. Bb2 Nf4 16. 0-0 b6 17. Re1 Bb7 18. f3 Rad8 19. Ba2 e6 20. Bb1 Ne7 21. Bc2 f5 22. Ng5 Rxd2 23. Rac1 Rxg2+ 24. Kh1 Rxg5 25. Ba3 Bxf3# 0-1